Комплекс ГТО в физкультурно-оздоровительных группах

Bibliographic Details
Main Author: Присяжнюк С. И. Станислав Иванович
Summary:Исключено из фонда НТБ ТПУ
Language:Russian
Published: Киев, Здоровья, 1990
Subjects:
Format: Book
KOHA link:https://koha.lib.tpu.ru/cgi-bin/koha/opac-detail.pl?biblionumber=94855

MARC

LEADER 00000nam0a2200000 4500
001 94855
005 20250826093705.0
010 |a 5311005513 
035 |a (RuTPU)RU\TPU\book\101606 
090 |a 94855 
100 |a 20060417d1990 m y0rusy50 ca 
101 0 |a rus 
102 |a UA 
105 |a y z 000zy 
200 1 |a Комплекс ГТО в физкультурно-оздоровительных группах  |f С. И. Присяжнюк 
210 |a Киев  |c Здоровья  |d 1990 
215 |a 96 с. 
333 |a Исключено из фонда НТБ ТПУ 
610 1 |a спорт 
610 1 |a спортивная подготовка 
610 1 |a спортивные комплексы 
610 1 |a ГТО 
610 1 |a оздоровительные мероприятия 
610 1 |a оздоровительные системы 
610 1 |a физкультура 
675 |a 796.034  |v 3 
700 1 |a Присяжнюк  |b С. И.  |g Станислав Иванович 
801 1 |a RU  |b 63413507  |c 20060417  |g PSBO 
801 2 |a RU  |b 63413507  |c 20060417  |g PSBO 
942 |c BK